Sind diese Zahlen durch 3 teilbar?đź§® - Sudden Death - Statistiken

Allgemein
  • Dieses Quiz wurde 192 mal gespielt
  • Das Durchschnittsergebnis liegt bei 6 aus 12
Answers on the Grid
Answers color-coded by a green-red scale on the quiz's grid according to % correct below.
492
111
18
555
783
117
369
321
954
372
9501
1611
112
748
995
628
334
490
899
8408
829
256
91
13
 
Antwortstatistiken
Antwort % Korrekt
18
73%
369
59%
321
55%
111
50%
117
45%
372
43%
555
40%
492
39%
9501
39%
1611
38%
783
38%
954
37%
Keine ĂĽbereinstimmenden Quizze gefunden
Verteilung der Resultate
Anzahl Personen mit jedem Resultat
Perzentil nach korrekt beantworteten Fragen
Ihre Resultats-Entwicklung
Sie haben dieses Quiz noch nicht gespielt